• 首页
  • 本馆介绍
  • 公告通知
  • 最新文献
  • 馆藏检索
  • 电子资源
  • 读者导购
  • 参考咨询
  • 我的图书馆
  • 登录
  • 详细信息显示
  • 放入我的书架
  • 预约/预借图书
  • 作者相关作品
  • 分类相关作品
  • 丛书相关作品
  • 出版社相关作品

书目信息

  • 表格格式
  • 工作单格式
  • 卡片格式
题名:
体育教学与体能训练
    
 
作者: 张前成 , 欧先亮 , 王子章 著
分册:  
出版信息: 沈阳   辽海出版社  2020.01
页数: 341页
开本: 24cm
丛书名:
单 册:
中图分类: G807.01 , G808.14
科图分类:
主题词: 体育教学--ti yu jiao xue--教学研究 , 体能--ti neng--身体训练--研究
电子资源:
ISBN: 978-7-5451-5290-6
000 00928nam0 2200277 450
001 0109110015
005 20201109110331.0
010    @a978-7-5451-5290-6@dCNY88.00
100    @a20200713d2020 em y0chiy50 ea
101 0  @achi
102    @aCN@b210000
105    @ay z 000yy
106    @ar
200 1  @a体育教学与体能训练@Ati yu jiao xue yu ti neng xun lian@f张前成, 欧先亮, 王子章著
210    @a沈阳@c辽海出版社@d2020.01
215    @a341页@d24cm
330    @a本书就体育教学和体能训练,通过一系列的研究方法,探究了体育教学过程。着重强调了高效体育教学、体能训练以及体能恢复。
606 0  @a体育教学@Ati yu jiao xue@x教学研究
606 0  @a体能@Ati neng@x身体训练@x研究
690    @aG807.01@v5
690    @aG808.14@v5
701  0 @a张前成@Azhang qian cheng@4著
701  0 @a欧先亮@Aou xian liang@4著
701  0 @a王子章@Awang zi zhang@4著
801  0 @aCN@bBJSZM@c20201103
905    @b1263406-10@dG807.01@e822@f5
    
    体育教学与体能训练/张前成, 欧先亮, 王子章著.-沈阳:辽海出版社,2020.01
    341页;24cm
    
    
    ISBN 978-7-5451-5290-6:CNY88.00
    本书就体育教学和体能训练,通过一系列的研究方法,探究了体育教学过程。着重强调了高效体育教学、体能训练以及体能恢复。
●
相关链接 在E读中查询图书 在五车中查询图书 在当当中查询图书 在豆瓣中查询图书


正题名:体育教学与体能训练     索取号:G807.01/822         预约/预借

序号 登录号 条形码 馆藏地/架位号 状态 备注
1 1263406   212634069   第一样本阅览室/ [索取号:G807.01/822] 在馆    
2 1263407   212634078   教育系资料室/ [索取号:G807.01/822] 在馆    
3 1263408   212634087   教育系资料室/ [索取号:G807.01/822] 在馆    
4 1263409   212634096   第四借阅区/ [索取号:G807.01/822] 在馆    
5 1263410   212634103   第四借阅区/ [索取号:G807.01/822] 在馆    
唐山师范学院图书馆 欢迎您!
大连网信软件有限公司© 版权所有